A Practical Guide to Child Observation and Assessment

Đã lưu trong:
Bibliografiske detaljer
Hovedforfatter: Hobart, Christine
Andre forfattere: Frankel, Jill
Format: Bog
Sprog:Undetermined
Udgivet: Nelson Thornes Cheltenham 2004
Fag:
Online adgang:http://lrc.tdmu.edu.vn/opac/search/detail.asp?aID=2&ID=7379
Tags: Tilføj Tag
Ingen Tags, Vær først til at tagge denne postø!
Thư viện lưu trữ: Trung tâm Học liệu Trường Đại học Thủ Dầu Một
LEADER 00703nam a2200205Ia 4500
001 TDMU_7379
008 210410s9999 xx 000 0 und d
082 |a 372.21 
090 |b H418 
100 |a Hobart, Christine 
245 2 |a A Practical Guide to Child Observation and Assessment 
245 0 |c Christine Hobart, Jill Frankel 
260 |a Nelson Thornes 
260 |b Cheltenham 
260 |c 2004 
300 |a vi, 192 p. 
650 |a Education, Preschool   |x Activity programs; Early childhood education   |x Activity programs 
700 |a Frankel, Jill 
856 |u http://lrc.tdmu.edu.vn/opac/search/detail.asp?aID=2&ID=7379 
980 |a Trung tâm Học liệu Trường Đại học Thủ Dầu Một